<?xml version="1.0" encoding="UTF-8"?>
<collection xmlns="http://www.loc.gov/MARC21/slim">
<record>
  <controlfield tag="001">166776</controlfield>
  <controlfield tag="005">20260121131139.0</controlfield>
  <datafield tag="037" ind1=" " ind2=" ">
    <subfield code="a">TAZ-TFG-2025-2564</subfield>
  </datafield>
  <datafield tag="041" ind1=" " ind2=" ">
    <subfield code="a">spa</subfield>
  </datafield>
  <datafield tag="100" ind1="1" ind2=" ">
    <subfield code="a">Torralba Ruiz, Pilar</subfield>
  </datafield>
  <datafield tag="242" ind1="0" ind2="0">
    <subfield code="a">Direct analysis of biological fluids deposited on filter paper (DMS-Dried matrix spots) using atomic spectrometry techniques.</subfield>
  </datafield>
  <datafield tag="245" ind1="0" ind2="0">
    <subfield code="a">Análisis directo de fluidos biológicos depositados sobre papel de filtro (DMS-Dried matrix spots) mediante técnicas de espectrometría atómica</subfield>
  </datafield>
  <datafield tag="260" ind1=" " ind2=" ">
    <subfield code="a">Zaragoza</subfield>
    <subfield code="b">Universidad de Zaragoza</subfield>
    <subfield code="c">2025</subfield>
  </datafield>
  <datafield tag="506" ind1=" " ind2=" ">
    <subfield code="a">by-nc-sa</subfield>
    <subfield code="b">Creative Commons</subfield>
    <subfield code="c">3.0</subfield>
    <subfield code="u">http://creativecommons.org/licenses/by-nc-sa/3.0/</subfield>
  </datafield>
  <datafield tag="520" ind1=" " ind2=" ">
    <subfield code="a">Los DBS (Dried Blood Spots) son un espécimen clínico consistente en el depósito y posterior secado de unas pocas gotas de sangre sobre un papel de filtro. Estos especímenes son una buena alternativa a las extracciones comunes de sangre debido a sus ventajas económicas y beneficios para los pacientes. Habitualmente se utilizan para pruebas de cribado neonatal, y sus aplicaciones en métodos cuantitativos son muy limitadas ya que experimentan ciertos problemas a la hora de realizar estos análisis. Este TFG se centra en el desarrollo de métodos cuantitativos para determinar Na, K, Cu y Fe en DBS.&lt;br />Para ello se utiliza en primer lugar la técnica HR CS GFAAS debido a su alta sensibilidad y la posibilidad de medir muestras sólidas de manera directa. Sin embargo, el rango de longitudes de onda que se puede registrar simultáneamente con esta técnica es limitado, de modo que su capacidad multielemental es también limitada. Esto hace que para conseguir información cuantitativa de todos los analitos sea necesario utilizar más de un DBS. En este TFG se han validado diversos métodos para determinar Cu, Fe, Na y K en DBS. En el desarrollo de método se ha buscado la determinación simultánea de varios analitos para maximizar la información obtenida de cada DBS, y se ha atendido a distintas estrategias para solventar los efectos de matriz procedentes del carácter complejo de la muestra analizada.&lt;br />En segundo lugar, se ha abordado el desarrollo de un método de análisis directo de los DBS mediante LIBS, que destaca por su capacidad multielemental y la rapidez para proporcionar resultados analíticos sin necesidad de un pretratamiento de las muestras. El trabajo realizado con esta técnica se vio limitado por la escasa sensibilidad del instrumento LIBS disponible en la zona del uv y la relativa baja concentración de alguno de los analitos estudiados. En concreto, Cu y Fe no pudieron detectarse con esta técnica. Para Na y K, por otra parte, se han explorado posibilidades de calibración y tratamiento de los datos para la obtención de resultados cuantitativos. Con el trabajo realizado en este TFG no se ha conseguido validar un método para la determinación cuantitativa de estos analitos en DBS, aunque las conclusiones obtenidas pueden utilizarse como punto de partida para un desarrollo de método posterior.&lt;br />&lt;br /></subfield>
  </datafield>
  <datafield tag="521" ind1=" " ind2=" ">
    <subfield code="a">Graduado en Química</subfield>
  </datafield>
  <datafield tag="540" ind1=" " ind2=" ">
    <subfield code="a">Derechos regulados por licencia Creative Commons</subfield>
  </datafield>
  <datafield tag="856" ind1="0" ind2=" ">
    <subfield code="f">816243@unizar.es</subfield>
  </datafield>
  <datafield tag="856" ind1="4" ind2=" ">
    <subfield code="s">1324109</subfield>
    <subfield code="u">http://zaguan.unizar.es/record/166776/files/TAZ-TFG-2025-2564.pdf</subfield>
    <subfield code="y">Memoria (spa)</subfield>
  </datafield>
  <datafield tag="909" ind1="C" ind2="O">
    <subfield code="o">oai:zaguan.unizar.es:166776</subfield>
    <subfield code="p">driver</subfield>
    <subfield code="p">trabajos-fin-grado</subfield>
  </datafield>
  <datafield tag="950" ind1=" " ind2=" ">
    <subfield code="a"></subfield>
  </datafield>
  <datafield tag="691" ind1=" " ind2=" ">
    <subfield code="a">0</subfield>
  </datafield>
  <datafield tag="692" ind1=" " ind2=" ">
    <subfield code="a"></subfield>
  </datafield>
  <datafield tag="700" ind1=" " ind2=" ">
    <subfield code="a">Aramendía Marzo, María Teresa</subfield>
    <subfield code="e">dir.</subfield>
  </datafield>
  <datafield tag="700" ind1=" " ind2=" ">
    <subfield code="a">Marques da Souza, André</subfield>
    <subfield code="e">dir.</subfield>
  </datafield>
  <datafield tag="710" ind1="2" ind2=" ">
    <subfield code="a">Universidad de Zaragoza</subfield>
    <subfield code="b">Química Analítica</subfield>
    <subfield code="c">Química Analítica</subfield>
  </datafield>
  <datafield tag="980" ind1=" " ind2=" ">
    <subfield code="a">TAZ</subfield>
    <subfield code="b">TFG</subfield>
    <subfield code="c">CIEN</subfield>
  </datafield>
  <datafield tag="999" ind1=" " ind2=" ">
    <subfield code="a">20250611235336.CREATION_DATE</subfield>
  </datafield>
  <datafield tag="951" ind1=" " ind2=" ">
    <subfield code="a">deposita:2026-01-21</subfield>
  </datafield>
</record>
</collection>